000 00504nam a2200181 i 4500
001 bg
245 0 _aĆwiczenia laboratoryjne z fizyki w politechnice :
_bpraca zbiorowa /
_cpod red. Tadeusza Rewaja.
250 _aWyd.2 popr.
260 _aWarszawa,
_c1978.
650 9 _aFizyka
655 _aĆwiczenia i zadania dla szkół wyższych
700 1 _aRewaj, Tadeusz.
_eRed.
040 _cBPK
041 _apol
080 _a53(075.8)(076)
942 _cKS
008 s pl f |000 0 pol
999 _c9759
_d9759
856 _uhttp://koha.tu.koszalin.pl/cgi-bin/koha/opac-detail.pl?biblionumber=9759
_yKatalog online BPK